[Event "Titled Tuesday intern op 16th Apr Early"]
[Site "Chess.com INT"]
[Date "2024.04.16"]
[Round "1"]
[White "Kotlyar, Kirill"]
[Black "Lebedev, Artem S"]
[Result "1/2-1/2"]
[WhiteElo "2390"]
[BlackElo "1987"]
[PlyCount "145"]
[EventDate "2024.04.16"]
[EventType "swiss (blitz)"]
[EventRounds "11"]
[EventCountry "USA"]
[SourceTitle "CB17_2024"]
[SourceDate "2024.04.24"]
[SourceVersion "1"]
[SourceVersionDate "2024.04.24"]
[SourceQuality "1"]

1. d4 Nf6 2. c4 c5 3. d5 e6 4. Nc3 exd5 5. cxd5 d6 6. Nf3 g6 7. Nd2 Bg7 8. e4 0-0 9. Be2 Re8 10. 0-0 Nbd7 11. a4 Ne5 12. Ra3 g5 13. Qc2 h6 14. a5 Ng6 15. Nc4 Ng4 16. Nb5 Bf8 17. Rg3 N4e5 18. Nxe5 dxe5 19. d6 Be6 20. Nc7 Qxd6 21. Nxa8 Rxa8 22. Rd1 Qc7 23. Bc4 Bxc4 24. Qxc4 Qxa5 25. h4 Rd8 26. Rxd8 Qxd8 27. Rd3 Qe7 28. h5 Nf4 29. Bxf4 exf4 30. Rd5 Bg7 31. Rxc5 Be5 32. Qd5 Bxb2 33. Rb5 Qf6 34. Rxb7 Bd4 35. Rb8+ Kg7 36. Rd8 Bb6 37. Rd7 Qa1+ 38. Kh2 Qf6 39. e5 Qf5 40. Qd6 g4 41. Qf6+ Qxf6 42. exf6+ Kxf6 43. Rd5 Ke6 44. Rb5 Bxf2 45. Kh1 a6 46. Rb7 Kf6 47. Rb2 Be3 48. Ra2 Kg5 49. Rxa6 Kxh5 50. Rf6 Kg5 51. Rxf7 h5 52. Rf8 h4 53. Kh2 Bf2 54. Kh1 Be3 55. Rg8+ Kf5 56. Rh8 Bf2 57. Kh2 Kg5 58. Rg8+ Kf5 59. Kh1 Be3 60. Rh8 Bf2 61. Rc8 Kg5 62. Rb8 Kg6 63. Rb5 Be3 64. Kh2 Bf2 65. Kh1 Be3 66. Rd5 Bf2 67. Re5 Be3 68. Re4 Kf5 69. Ra4 Bf2 70. Rc4 Be3 71. Ra4 Bf2 72. Rc4 Be3 73. Ra4 1/2-1/2

[Event "Titled Tuesday intern op 02nd Apr Late"]
[Site "Chess.com INT"]
[Date "2024.04.02"]
[Round "8"]
[White "Bogaudinov, Rushan"]
[Black "Kotlyar, Kirill"]
[Result "0-1"]
[WhiteElo "1912"]
[BlackElo "2390"]
[PlyCount "66"]
[EventDate "2024.04.02"]
[EventType "swiss (blitz)"]
[EventRounds "11"]
[EventCountry "USA"]
[SourceTitle "CB15_2024"]
[SourceDate "2024.04.10"]
[SourceVersion "1"]
[SourceVersionDate "2024.04.10"]
[SourceQuality "1"]

1. d4 Nf6 2. Nf3 g6 3. e3 Bg7 4. Be2 0-0 5. 0-0 c5 6. c3 d5 7. Nbd2 Nc6 8. dxc5 a5 9. Nd4 Nd7 10. Bb5 Qc7 11. a4 Nxc5 12. N2b3 Nxb3 13. Qxb3 e5 14. Nf3 Be6 15. Ng5 e4 16. Nxe6 fxe6 17. Bd2 Ne5 18. Be2 Rac8 19. Rfd1 Rf5 20. Be1 Nf3+ 21. Bxf3 exf3 22. g3 Rh5 23. Qb5 Qe5 24. Rd4 Qf5 25. g4 Rg5 26. h3 Bxd4 27. cxd4 h5 28. Qd7 Rf8 29. Rc1 hxg4 30. h4 Rh5 31. Rc7 Qf7 32. Qd6 Qf6 33. Bxa5 Rxh4 0-1

[Event "Titled Tuesday intern op 02nd Apr Late"]
[Site "Chess.com INT"]
[Date "2024.04.02"]
[Round "6"]
[White "Kotlyar, Kirill"]
[Black "Matinian, Nikita"]
[Result "0-1"]
[WhiteElo "2390"]
[BlackElo "2392"]
[PlyCount "62"]
[EventDate "2024.04.02"]
[EventType "swiss (blitz)"]
[EventRounds "11"]
[EventCountry "USA"]
[SourceTitle "CB15_2024"]
[SourceDate "2024.04.10"]
[SourceVersion "1"]
[SourceVersionDate "2024.04.10"]
[SourceQuality "1"]

1. e4 c5 2. Nf3 e6 3. d4 cxd4 4. Nxd4 Nc6 5. Nc3 Qc7 6. g3 a6 7. Bg2 h5 8. h3 Bc5 9. Nb3 Ba7 10. Bf4 Qd8 11. Bd6 Nge7 12. Qd2 b5 13. e5 Bb7 14. 0-0 Nf5 15. Kh2 Nxd6 16. exd6 f5 17. Rae1 0-0 18. Qe2 Qe8 19. Qd2 Qg6 20. Qf4 Rac8 21. Ne2 Ba8 22. Qh4 Qh6 23. Ned4 g5 24. Nxf5 Rxf5 25. Qe4 Ne5 26. Qe2 Bxg2 27. Kxg2 Rcf8 28. f3 Nxf3 29. Rd1 g4 30. h4 Nxh4+ 31. gxh4 Rf2+ 0-1

[Event "Titled Tuesday intern op 02nd Apr Late"]
[Site "Chess.com INT"]
[Date "2024.04.02"]
[Round "9"]
[White "Kotlyar, Kirill"]
[Black "Nigalidze, Gaioz"]
[Result "1-0"]
[WhiteElo "2390"]
[BlackElo "2373"]
[PlyCount "69"]
[EventDate "2024.04.02"]
[EventType "swiss (blitz)"]
[EventRounds "11"]
[EventCountry "USA"]
[SourceTitle "CB15_2024"]
[SourceDate "2024.04.10"]
[SourceVersion "1"]
[SourceVersionDate "2024.04.10"]
[SourceQuality "1"]

1. e4 e5 2. Nf3 Nc6 3. Bb5 a6 4. Ba4 Nf6 5. 0-0 b5 6. Bb3 Be7 7. Re1 0-0 8. h3 d6 9. c3 Na5 10. Bc2 c5 11. d4 Nc6 12. d5 Nb8 13. a4 Bb7 14. Na3 b4 15. Nc4 Nbd7 16. a5 Rb8 17. cxb4 cxb4 18. Be3 Qc7 19. Bd3 Nc5 20. Bxc5 Qxc5 21. Rc1 Rfc8 22. Qd2 Re8 23. Ncxe5 Qxa5 24. Nc6 Bxc6 25. dxc6 Qb6 26. e5 dxe5 27. Nxe5 Rbc8 28. Bc4 Rf8 29. Nxf7 Bc5 30. Nd6+ Kh8 31. Nxc8 Rxc8 32. c7 Qxc7 33. Be6 Rd8 34. Qg5 Ne4 35. Rxe4 1-0

[Event "Titled Tuesday intern op 12th Mar Early"]
[Site "Chess.com INT"]
[Date "2024.03.12"]
[Round "5"]
[White "Kotlyar, Kirill"]
[Black "Akhayan, Ruben"]
[Result "0-1"]
[WhiteElo "2390"]
[BlackElo "2260"]
[PlyCount "56"]
[EventDate "2024.03.12"]
[EventType "swiss (blitz)"]
[EventRounds "11"]
[EventCountry "USA"]
[SourceTitle "CB12_2024"]
[SourceDate "2023.10.01"]
[SourceVersion "1"]
[SourceVersionDate "2023.10.01"]
[SourceQuality "1"]

1. f4 e5 2. fxe5 d6 3. Nf3 dxe5 4. e4 Nf6 5. Bc4 Bc5 6. Qe2 0-0 7. d3 Nc6 8. Bg5 Bg4 9. c3 Be7 10. 0-0 h6 11. Bh4 Na5 12. Bb5 c6 13. Ba4 b5 14. Bc2 Nb7 15. h3 Bxf3 16. Qxf3 Nc5 17. Nd2 Qd7 18. Rad1 Rad8 19. Bxf6 Bxf6 20. Qe3 Be7 21. Nf3 Ne6 22. Nxe5 Qc7 23. d4 c5 24. Nf3 cxd4 25. cxd4 Qxc2 26. d5 Bc5 27. Nd4 Nxd4 28. Rxd4 Qxb2 0-1

[Event "Titled Tuesday intern op 13th Feb Late"]
[Site "Chess.com INT"]
[Date "2024.02.13"]
[Round "2"]
[White "Georg, Heinz"]
[Black "Kotlyar, Kirill"]
[Result "0-1"]
[WhiteElo "2053"]
[BlackElo "2390"]
[PlyCount "70"]
[EventDate "2024.02.13"]
[EventType "swiss (blitz)"]
[EventRounds "11"]
[EventCountry "USA"]
[SourceTitle "CB08_2024"]
[SourceDate "2024.02.21"]
[SourceVersion "1"]
[SourceVersionDate "2024.02.21"]
[SourceQuality "1"]

1. e4 c6 2. d4 d5 3. exd5 cxd5 4. c4 Nf6 5. Nc3 e6 6. Nf3 Bb4 7. cxd5 Nxd5 8. Bd2 Nc6 9. Bd3 0-0 10. 0-0 Bd6 11. Qe2 Nce7 12. Rad1 b6 13. Ne5 Bb7 14. Be4 f6 15. Nf3 Qd7 16. Rfe1 Rae8 17. h3 Ng6 18. Bxg6 hxg6 19. a3 Bb8 20. Ne4 g5 21. b4 Bc6 22. Rc1 Bb5 23. Qd1 Nf4 24. Bxf4 Bxf4 25. Rc3 Bc6 26. g3 Bb8 27. Qd2 Bd5 28. Nh2 Qb7 29. Rce3 Qf7 30. Nc3 Bb7 31. Ng4 Qh5 32. Kh2 f5 33. Ne5 f4 34. R3e2 fxg3+ 35. fxg3 Bxe5 0-1

[Event "Titled Tuesday intern op 13th Feb Late"]
[Site "Chess.com INT"]
[Date "2024.02.13"]
[Round "3"]
[White "Kotlyar, Kirill"]
[Black "Mikaelyan, Arman"]
[Result "0-1"]
[WhiteElo "2390"]
[BlackElo "2508"]
[PlyCount "60"]
[EventDate "2024.02.13"]
[EventType "swiss (blitz)"]
[EventRounds "11"]
[EventCountry "USA"]
[SourceTitle "CB08_2024"]
[SourceDate "2024.02.21"]
[SourceVersion "1"]
[SourceVersionDate "2024.02.21"]
[SourceQuality "1"]

1. d4 b6 2. e4 Bb7 3. Bd3 e6 4. Nf3 Nf6 5. e5 Nd5 6. c4 Nb4 7. Be2 Be4 8. Na3 d5 9. 0-0 Be7 10. Be3 0-0 11. Rc1 Nxa2 12. Ra1 Nb4 13. Nd2 Bg6 14. Bf3 c6 15. Qb3 Nd7 16. Rac1 a5 17. cxd5 cxd5 18. Qa4 b5 19. Nxb5 Nb6 20. Qb3 Bd3 21. Nc7 Rc8 22. Nxe6 fxe6 23. Bg4 Qd7 24. Rfe1 Bc2 25. Rxc2 Rxc2 26. Nf3 Nc4 27. Ng5 a4 28. Bxe6+ Qxe6 29. Nxe6 axb3 30. Nxf8 Kxf8 0-1

[Event "Titled Tuesday intern op 13th Feb Late"]
[Site "Chess.com INT"]
[Date "2024.02.13"]
[Round "5"]
[White "Rozman, Levy"]
[Black "Kotlyar, Kirill"]
[Result "1-0"]
[WhiteElo "2322"]
[BlackElo "2390"]
[PlyCount "67"]
[EventDate "2024.02.13"]
[EventType "swiss (blitz)"]
[EventRounds "11"]
[EventCountry "USA"]
[SourceTitle "CB08_2024"]
[SourceDate "2024.02.21"]
[SourceVersion "1"]
[SourceVersionDate "2024.02.21"]
[SourceQuality "1"]

1. e4 c6 2. d4 d5 3. Nc3 dxe4 4. Nxe4 Nf6 5. Ng5 h6 6. Nxf7 Kxf7 7. Nf3 Kg8 8. Bc4+ e6 9. 0-0 c5 10. c3 Nc6 11. Re1 cxd4 12. Rxe6 Bxe6 13. Bxe6+ Kh7 14. Nh4 Ne7 15. cxd4 g6 16. Qd3 Qd6 17. Qh3 Bg7 18. Nf3 Ne4 19. Be3 Nf5 20. Bb3 Nxe3 21. fxe3 Rhf8 22. Rc1 Rae8 23. Bc2 Bf6 24. Bd3 Ng5 25. Qg4 Rxe3 26. Bxg6+ Kxg6 27. Nh4+ Kh7 28. Qf5+ Kg7 29. Qg6+ Kh8 30. Qxh6+ Nh7 31. Nf5 Qe6 32. Nxe3 Qe4 33. Rf1 Bxd4 34. Rxf8# 1-0

[Event "Titled Tuesday intern op 13th Feb Early"]
[Site "Chess.com INT"]
[Date "2024.02.13"]
[Round "2"]
[White "Tomczak, Jacek"]
[Black "Kotlyar, Kirill"]
[Result "1-0"]
[WhiteElo "2598"]
[BlackElo "2390"]
[PlyCount "75"]
[EventDate "2024.02.13"]
[EventType "swiss (blitz)"]
[EventRounds "11"]
[EventCountry "USA"]
[SourceTitle "CB08_2024"]
[SourceDate "2024.02.21"]
[SourceVersion "1"]
[SourceVersionDate "2024.02.21"]
[SourceQuality "1"]

1. e4 e5 2. Nf3 Nc6 3. d4 exd4 4. Nxd4 Nf6 5. Nxc6 bxc6 6. e5 Qe7 7. Qe2 Nd5 8. Nd2 g6 9. Nf3 Bg7 10. c4 Ba6 11. Bg5 Qb4+ 12. Qd2 Qxd2+ 13. Kxd2 Nb6 14. b3 0-0 15. Bd3 Rfe8 16. Rae1 h6 17. Bf4 g5 18. Bg3 Bf8 19. Kc2 d5 20. exd6 cxd6 21. h4 g4 22. Nd4 d5 23. cxd5 Bxd3+ 24. Kxd3 cxd5 25. Rxe8 Rxe8 26. Rc1 Bg7 27. Nf5 Nd7 28. Rc7 Nc5+ 29. Rxc5 Re1 30. Nxg7 Kxg7 31. Rxd5 Ra1 32. Ra5 Rd1+ 33. Ke2 Rd7 34. Bf4 Kg6 35. h5+ Kg7 36. Ra6 f6 37. Be3 f5 38. Rxa7 1-0

[Event "Titled Tuesday intern op 06th Feb Early"]
[Site "Chess.com INT"]
[Date "2024.02.06"]
[Round "4"]
[White "Caspi, Israel"]
[Black "Kotlyar, Kirill"]
[Result "0-1"]
[WhiteElo "2471"]
[BlackElo "2390"]
[PlyCount "90"]
[EventDate "2024.02.06"]
[EventType "swiss (blitz)"]
[EventRounds "11"]
[EventCountry "USA"]
[SourceTitle "CB07_2024"]
[SourceDate "2024.02.14"]
[SourceVersion "1"]
[SourceVersionDate "2024.02.14"]
[SourceQuality "1"]

1. d4 Nf6 2. Nc3 d5 3. Bf4 c5 4. e3 cxd4 5. exd4 Bg4 6. f3 Bd7 7. Qd2 Nc6 8. g4 e6 9. 0-0-0 Rc8 10. Kb1 Be7 11. h4 Na5 12. Nge2 Nc4 13. Qc1 Qb6 14. h5 Ba3 15. b3 Bxc1 16. Bxc1 h6 17. Ka1 Nd6 18. Bb2 a6 19. Rd2 Qc7 20. Nd1 Nb5 21. Ne3 Qa5 22. Rd1 Qb4 23. Bg2 a5 24. Rd3 a4 25. c3 Qd6 26. Kb1 axb3 27. axb3 0-0 28. f4 Ne4 29. Bxe4 dxe4 30. Rd2 Qa6 31. c4 Na3+ 32. Kc1 b5 33. c5 b4 34. Ng3 Nb5 35. Nxe4 Bc6 36. d5 Bxd5 37. Nxd5 exd5 38. Rxd5 Rfd8 39. Rhd1 Rxd5 40. Rxd5 Qe6 41. Re5 Qxg4 42. f5 Nc3 43. Nxc3 Qf4+ 44. Kc2 Qxe5 45. Na4 Rxc5+ 0-1

[Event "Titled Tuesday intern op 06th Feb Early"]
[Site "Chess.com INT"]
[Date "2024.02.06"]
[Round "2"]
[White "Kotlyar, Kirill"]
[Black "Haring, Filip"]
[Result "0-1"]
[WhiteElo "2390"]
[BlackElo "2449"]
[PlyCount "92"]
[EventDate "2024.02.06"]
[EventType "swiss (blitz)"]
[EventRounds "11"]
[EventCountry "USA"]
[SourceTitle "CB07_2024"]
[SourceDate "2024.02.14"]
[SourceVersion "1"]
[SourceVersionDate "2024.02.14"]
[SourceQuality "1"]

1. d4 Nf6 2. c4 e6 3. Nc3 Bb4 4. e3 0-0 5. Bd2 d5 6. Nf3 b6 7. cxd5 exd5 8. Bd3 a6 9. 0-0 Bd6 10. Ne5 c5 11. f4 Bb7 12. Rc1 Nc6 13. Ne2 Ne4 14. Be1 Rc8 15. Ng3 Ne7 16. Nxe4 dxe4 17. Bc4 b5 18. Bb3 c4 19. Bc2 f6 20. Ng4 Nf5 21. Qe2 Re8 22. Nf2 Bb8 23. Bd2 a5 24. a4 b4 25. Rfd1 Bd5 26. Qg4 g6 27. Qh3 Qd7 28. Be1 Qe6 29. Ng4 h5 30. Nf2 Nh6 31. Qg3 Kh7 32. Bb1 g5 33. Nh3 Rg8 34. Qf2 Ng4 35. Qe2 Kh8 36. fxg5 fxg5 37. g3 Rcf8 38. Nf2 Rf3 39. Nxg4 Qxg4 40. Bf2 Rgf8 41. Rf1 h4 42. Kg2 Rxg3+ 43. hxg3 Qxe2 44. Rce1 Rxf2+ 45. Kh3 Be6+ 46. g4 Qxg4# 0-1

[Event "Titled Tuesday intern op 06th Feb Early"]
[Site "Chess.com INT"]
[Date "2024.02.06"]
[Round "1"]
[White "Kotlyar, Kirill"]
[Black "Ioannidis, Evgenios"]
[Result "1-0"]
[WhiteElo "2390"]
[BlackElo "2519"]
[PlyCount "99"]
[EventDate "2024.02.06"]
[EventType "swiss (blitz)"]
[EventRounds "11"]
[EventCountry "USA"]
[SourceTitle "CB07_2024"]
[SourceDate "2024.02.14"]
[SourceVersion "1"]
[SourceVersionDate "2024.02.14"]
[SourceQuality "1"]

1. d4 Nf6 2. c4 e6 3. Nc3 Bb4 4. e3 0-0 5. Bd2 d5 6. Nf3 b6 7. cxd5 exd5 8. Bd3 c5 9. 0-0 c4 10. Bc2 Bg4 11. h3 Bh5 12. a3 Bd6 13. e4 dxe4 14. Nxe4 Bg6 15. Nxd6 Qxd6 16. Bxg6 hxg6 17. Bb4 Qd5 18. Bxf8 Kxf8 19. Ne5 Nc6 20. Nxc6 Qxc6 21. Rc1 Qd5 22. Qe2 b5 23. Qe5 Rd8 24. Rfd1 Kg8 25. Qxd5 Rxd5 26. f3 Nh5 27. Re1 Nf4 28. Re8+ Kh7 29. Rd1 Nd3 30. Rd2 a5 31. Re7 f5 32. Ra7 a4 33. Rb7 Kh6 34. g3 f4 35. g4 Ne5 36. Kg2 Nc6 37. Rc7 Rxd4 38. Rxd4 Nxd4 39. Rc5 g5 40. Rd5 Nc2 41. Rxb5 Kg6 42. Kf2 Ne3 43. Ke2 Nc2 44. Ra5 Nd4+ 45. Kf2 Nc2 46. Rxa4 Ne3 47. Ra6+ Kf7 48. Rd6 Ke7 49. Rd2 Kf6 50. a4 1-0

[Event "Titled Tuesday intern op 06th Feb Early"]
[Site "Chess.com INT"]
[Date "2024.02.06"]
[Round "5"]
[White "Kotlyar, Kirill"]
[Black "Yeremyan, Alen"]
[Result "0-1"]
[WhiteElo "2390"]
[BlackElo "2279"]
[PlyCount "56"]
[EventDate "2024.02.06"]
[EventType "swiss (blitz)"]
[EventRounds "11"]
[EventCountry "USA"]
[SourceTitle "CB07_2024"]
[SourceDate "2024.02.14"]
[SourceVersion "1"]
[SourceVersionDate "2024.02.14"]
[SourceQuality "1"]

1. d4 Nf6 2. c4 e6 3. Nc3 Bb4 4. e3 d5 5. Bd2 0-0 6. Nf3 c5 7. a3 Bxc3 8. Bxc3 Ne4 9. Rc1 Nxc3 10. Rxc3 cxd4 11. Nxd4 e5 12. Nf3 d4 13. exd4 e4 14. Ne5 f6 15. Ng4 Bxg4 16. Qxg4 Qxd4 17. Be2 Nc6 18. 0-0 Rad8 19. Rg3 f5 20. Qh4 Qxb2 21. Bh5 f4 22. Rg4 Qf6 23. Rb1 Qxh4 24. Rxh4 b6 25. Bg4 Nd4 26. Re1 f3 27. gxf3 exf3 28. Be6+ Nxe6 0-1

[Event "Titled Tuesday intern op 16th Jan Early"]
[Site "Chess.com INT"]
[Date "2024.01.16"]
[Round "10"]
[White "Kotlyar, Kirill"]
[Black "Samaganova, Alexandra"]
[Result "0-1"]
[WhiteElo "2390"]
[BlackElo "1884"]
[PlyCount "98"]
[EventDate "2024.01.16"]
[EventType "swiss (blitz)"]
[EventRounds "11"]
[EventCountry "USA"]
[SourceTitle "CB04_2024"]
[SourceDate "2023.10.16"]
[SourceVersion "1"]
[SourceVersionDate "2023.10.16"]
[SourceQuality "1"]

1. e4 c5 2. Nf3 e6 3. d3 Nc6 4. Nc3 g6 5. g3 Bg7 6. Bg2 Nge7 7. 0-0 0-0 8. Nd2 d5 9. f4 dxe4 10. dxe4 e5 11. Ne2 Bg4 12. c3 Qd7 13. Qe1 Rad8 14. Nf3 Qd3 15. h3 Be6 16. Ng5 Bc4 17. Rf2 h6 18. Nf3 Kh7 19. b3 Be6 20. Ba3 b6 21. fxe5 Nxe5 22. Nf4 Qd7 23. Nxe5 Bxe5 24. Nxe6 Qxe6 25. Rf3 Nc6 26. Qe2 Bg7 27. Raf1 Ne5 28. Re3 Rfe8 29. Bb2 c4 30. Rd1 cxb3 31. axb3 Qxb3 32. Rxd8 Rxd8 33. Bf1 a5 34. c4 Qd1 35. Qxd1 Rxd1 36. Kg2 Nxc4 37. Bxc4 Bxb2 38. Rb3 Bd4 39. Rxb6 Bxb6 40. Bxf7 Kg7 41. Bd5 a4 42. Kf3 a3 43. Kf4 Rxd5 44. exd5 a2 45. d6 a1Q 46. d7 Qf6+ 47. Ke4 Bd8 48. Kd5 Qe7 49. Kc6 Qe6+ 0-1

[Event "Titled Tuesday intern op 16th Jan Early"]
[Site "Chess.com INT"]
[Date "2024.01.16"]
[Round "2"]
[White "Kotlyar, Kirill"]
[Black "Zakhartsov, Vladimir"]
[Result "0-1"]
[WhiteElo "2390"]
[BlackElo "2509"]
[PlyCount "80"]
[EventDate "2024.01.16"]
[EventType "swiss (blitz)"]
[EventRounds "11"]
[EventCountry "USA"]
[SourceTitle "CB04_2024"]
[SourceDate "2023.10.16"]
[SourceVersion "1"]
[SourceVersionDate "2023.10.16"]
[SourceQuality "1"]

1. e4 c5 2. Nf3 d6 3. d4 Nf6 4. Nc3 cxd4 5. Qxd4 Nc6 6. Bb5 Bd7 7. Bxc6 Bxc6 8. Bg5 e6 9. 0-0-0 Be7 10. Qd3 Qa5 11. Bd2 Qa6 12. Qxa6 bxa6 13. Rhe1 0-0 14. Bf4 Rfd8 15. Nd4 Bb7 16. Bg5 h6 17. Bd2 Rac8 18. f3 Nd7 19. Bf4 Nb6 20. Nb3 Nc4 21. Nd2 g5 22. Bg3 Nb6 23. Nb3 d5 24. exd5 Nxd5 25. Nxd5 Bxd5 26. Bf2 a5 27. Kb1 a4 28. Nd4 Bf6 29. c3 a3 30. Nb5 axb2 31. Bxa7 Ra8 32. Bd4 Rdb8 33. Rd2 Rxb5 34. Bxf6 Bxa2+ 35. Kc2 b1Q+ 36. Rxb1 Bxb1+ 37. Kc1 Bg6 38. Kd1 Rd5 39. Ke2 Rxd2+ 40. Kxd2 Ra2+ 0-1

[Event "Titled Tuesday intern op 16th Jan Early"]
[Site "Chess.com INT"]
[Date "2024.01.16"]
[Round "7"]
[White "Lacasa Diaz, Jose Antonio"]
[Black "Kotlyar, Kirill"]
[Result "1-0"]
[WhiteElo "2338"]
[BlackElo "2390"]
[PlyCount "83"]
[EventDate "2024.01.16"]
[EventType "swiss (blitz)"]
[EventRounds "11"]
[EventCountry "USA"]
[SourceTitle "CB04_2024"]
[SourceDate "2023.10.16"]
[SourceVersion "1"]
[SourceVersionDate "2023.10.16"]
[SourceQuality "1"]

1. b3 Nf6 2. Bb2 g6 3. Bxf6 exf6 4. e3 d5 5. d4 Bg7 6. Ne2 0-0 7. g3 c5 8. c3 Nc6 9. Bg2 f5 10. 0-0 Be6 11. a3 Rc8 12. b4 c4 13. Nd2 a5 14. Qa4 axb4 15. axb4 Ra8 16. Qb5 Qd7 17. Nf4 Rad8 18. Ra2 g5 19. Nh5 Nxd4 20. Qxd7 Ne2+ 21. Kh1 Rxd7 22. Nxg7 Kxg7 23. Rc2 f4 24. Nb1 fxg3 25. Rxe2 gxh2 26. Nd2 Ra8 27. Nf3 Ra3 28. Rc1 Rd8 29. Nxg5 Rda8 30. Nxe6+ fxe6 31. Kxh2 Kf6 32. e4 Rd8 33. exd5 exd5 34. Rd2 b5 35. Rxd5 Rxd5 36. Bxd5 Ra6 37. Rd1 Ke5 38. Bg2 Rf6 39. Rd5+ Ke6 40. Kg1 Ke7 41. Rxb5 Rf4 42. Rb7+ 1-0

[Event "Titled Tuesday intern op 16th Jan Early"]
[Site "Chess.com INT"]
[Date "2024.01.16"]
[Round "1"]
[White "Nikulina, Alena"]
[Black "Kotlyar, Kirill"]
[Result "0-1"]
[WhiteElo "1844"]
[BlackElo "2390"]
[PlyCount "60"]
[EventDate "2024.01.16"]
[EventType "swiss (blitz)"]
[EventRounds "11"]
[EventCountry "USA"]
[SourceTitle "CB04_2024"]
[SourceDate "2023.10.16"]
[SourceVersion "1"]
[SourceVersionDate "2023.10.16"]
[SourceQuality "1"]

1. e4 e5 2. Nf3 Nc6 3. Bb5 a6 4. Ba4 Nf6 5. 0-0 Be7 6. d4 Nxe4 7. dxe5 Nc5 8. Bxc6 bxc6 9. Nc3 0-0 10. Re1 d5 11. Bf4 Ne6 12. Bg3 Rb8 13. Rb1 Bb7 14. Ne2 c5 15. Nf4 d4 16. c3 dxc3 17. bxc3 Nxf4 18. Bxf4 Bc6 19. Qe2 Rxb1 20. Rxb1 Qa8 21. e6 f6 22. Bxc7 Bb5 23. c4 Bc6 24. Rd1 Qb7 25. Bd6 Re8 26. h3 Bxd6 27. Rxd6 Qb1+ 28. Kh2 Qb8 29. Qd2 Rxe6 30. Qf4 Qxd6 0-1

[Event "Titled Tuesday intern op 09th Jan Early"]
[Site "Chess.com INT"]
[Date "2024.01.09"]
[Round "5"]
[White "Gevorgyan, Maria"]
[Black "Kotlyar, Kirill"]
[Result "0-1"]
[WhiteElo "2272"]
[BlackElo "2390"]
[PlyCount "84"]
[EventDate "2024.01.09"]
[EventType "swiss (blitz)"]
[EventRounds "11"]
[EventCountry "USA"]
[SourceTitle "CB03_2024"]
[SourceDate "2024.01.17"]
[SourceVersion "1"]
[SourceVersionDate "2024.01.17"]
[SourceQuality "1"]

1. e4 e5 2. Nf3 Nc6 3. Bc4 Nf6 4. Ng5 d5 5. exd5 Na5 6. Bb5+ c6 7. dxc6 bxc6 8. Qf3 Bb7 9. Ba4 Be7 10. 0-0 0-0 11. d3 Nd7 12. Qh5 h6 13. Nf3 Nc5 14. Bb3 Naxb3 15. axb3 f6 16. Nh4 Qe8 17. Qf3 Ne6 18. Nc3 Nd4 19. Qg3 Qh5 20. Ra4 c5 21. Be3 Bc6 22. Ra6 Bb7 23. Ra4 Bd6 24. Bxd4 cxd4 25. Ne4 Bxe4 26. dxe4 Rfe8 27. Nf5 Bf8 28. h3 Rec8 29. Rfa1 Rc7 30. Ra6 Kh7 31. Nxd4 Qf7 32. Ne6 Rxc2 33. Nxf8+ Qxf8 34. Rxa7 Rac8 35. Kh2 R8c7 36. Rxc7 Rxc7 37. Ra6 Qc8 38. b4 Qxa6 39. Qg4 Qc6 40. Qf5+ Kg8 41. Qg6 Rc8 42. Qf5 Rb8 0-1

[Event "Titled Tuesday intern op 09th Jan Early"]
[Site "Chess.com INT"]
[Date "2024.01.09"]
[Round "7"]
[White "Kolmagorov, Alexey"]
[Black "Kotlyar, Kirill"]
[Result "0-1"]
[WhiteElo "2124"]
[BlackElo "2390"]
[PlyCount "60"]
[EventDate "2024.01.09"]
[EventType "swiss (blitz)"]
[EventRounds "11"]
[EventCountry "USA"]
[SourceTitle "CB03_2024"]
[SourceDate "2024.01.17"]
[SourceVersion "1"]
[SourceVersionDate "2024.01.17"]
[SourceQuality "1"]

1. d4 Nf6 2. c4 g6 3. g3 c6 4. Bg2 d5 5. Nf3 Bg7 6. Nbd2 0-0 7. 0-0 Bf5 8. b3 Ne4 9. Bb2 Qa5 10. a3 b5 11. b4 Qc7 12. c5 a5 13. Nh4 axb4 14. Nxe4 Bxe4 15. axb4 Rxa1 16. Qxa1 Bxg2 17. Nxg2 Nd7 18. Qa6 e5 19. e3 Re8 20. dxe5 Nxe5 21. Bxe5 Bxe5 22. Nf4 d4 23. exd4 Bxf4 24. gxf4 Re4 25. f3 Rxd4 26. Qa8+ Rd8 27. Qa5 Qd7 28. Qb6 Re8 29. Ra1 Qd4+ 30. Kg2 Qxa1 0-1

[Event "Titled Tuesday intern op 09th Jan Early"]
[Site "Chess.com INT"]
[Date "2024.01.09"]
[Round "6"]
[White "Kotlyar, Kirill"]
[Black "Zhuk, Valeriy"]
[Result "0-1"]
[WhiteElo "2390"]
[BlackElo "2248"]
[PlyCount "94"]
[EventDate "2024.01.09"]
[EventType "swiss (blitz)"]
[EventRounds "11"]
[EventCountry "USA"]
[SourceTitle "CB03_2024"]
[SourceDate "2024.01.17"]
[SourceVersion "1"]
[SourceVersionDate "2024.01.17"]
[SourceQuality "1"]

1. e4 c5 2. Nf3 e6 3. d4 cxd4 4. Nxd4 Nf6 5. Nc3 Nc6 6. Ndb5 Bb4 7. a3 Bxc3+ 8. Nxc3 d5 9. exd5 exd5 10. Bd3 0-0 11. 0-0 Bg4 12. f3 Qb6+ 13. Kh1 Bh5 14. Rb1 d4 15. Ne2 Bg6 16. Nf4 Rfe8 17. Nxg6 hxg6 18. Bg5 Nd5 19. Qd2 Ne3 20. Rfe1 Qc5 21. Bh4 g5 22. Bf2 f5 23. b4 Qb6 24. c4 f4 25. c5 Qc7 26. Qa2+ Qf7 27. Qb2 Rad8 28. Rbc1 Ne5 29. Bb5 Re7 30. Bxe3 fxe3 31. Rcd1 Qf4 32. Qb3+ Kh8 33. Be2 g4 34. fxg4 Nxg4 35. Bxg4 Qxg4 36. Qc4 Qe4 37. b5 e2 38. Rd2 d3 39. Qxe4 Rxe4 40. c6 bxc6 41. bxc6 Rc4 42. h4 Rxc6 43. Rexe2 Rc1+ 44. Kh2 dxe2 45. Rxd8+ Kh7 46. Re8 e1Q 47. Rxe1 Rxe1 0-1

[Event "Titled Tuesday intern op 09th Jan Early"]
[Site "Chess.com INT"]
[Date "2024.01.09"]
[Round "3"]
[White "Wantiez, Fabrice"]
[Black "Kotlyar, Kirill"]
[Result "1-0"]
[WhiteElo "2228"]
[BlackElo "2390"]
[PlyCount "91"]
[EventDate "2024.01.09"]
[EventType "swiss (blitz)"]
[EventRounds "11"]
[EventCountry "USA"]
[SourceTitle "CB03_2024"]
[SourceDate "2024.01.17"]
[SourceVersion "1"]
[SourceVersionDate "2024.01.17"]
[SourceQuality "1"]

1. e4 e5 2. Nf3 Nc6 3. Bb5 a6 4. Ba4 Nf6 5. 0-0 Be7 6. Re1 b5 7. Bb3 0-0 8. h3 d6 9. c3 Nb8 10. d3 Bb7 11. Nbd2 Nbd7 12. Nf1 Nc5 13. Bc2 Re8 14. b4 Ncd7 15. a4 c5 16. bxc5 dxc5 17. Ng3 Qc7 18. Nf5 Bf8 19. c4 b4 20. a5 g6 21. Nh6+ Bxh6 22. Bxh6 Rad8 23. Ba4 Re6 24. Nh2 Rd6 25. Re3 Bxe4 26. Bxd7 Qxd7 27. Qe1 Rxd3 28. Rxe4 Nxe4 29. Qxe4 f6 30. Ng4 Qe7 31. Ne3 R3d4 32. Qf3 Qe6 33. Re1 b3 34. Qb7 Qf7 35. Qxb3 Re4 36. Qb6 Re8 37. Qxc5 f5 38. Rd1 f4 39. Nd5 Rd4 40. Rxd4 exd4 41. Qxd4 f3 42. Nf6+ Kh8 43. Nxe8+ Kg8 44. Nf6+ Kh8 45. Qd8+ Qf8 46. Qxf8# 1-0